000 00728nam a2200241 a 4500
001 57281
003 BD-RjUL
005 20211209080506.0
008 161207s1968 ca b 000 0 eng
035 _a(BD-RjUL)57405
040 _aDLC
_cDLC
_dBD-RjUL
_beng
041 _aeng
082 0 0 _a300.71
_223
_bCAN 1968
245 0 0 _aCanadian society; sociological perspectives.
_cEdited by Bernard R. Blishen ... [et al.]
250 _a3d ed.
260 _aToronto :
_bMacmillan of Canada,
_c1968.
300 _axiii, 877 p. ;
_c23 cm.
504 _aIncludes bibliographies.
650 _aSocial Science
_9170085
651 0 _aCanada
_xSocial conditions.
_9129059
700 1 _aBlishen, Bernard R.,
_eed.
_9170086
942 _2ddc
_cBK
999 _c57281
_d57281